|
|
|
|
| LEADER |
00000cam a2200000 4500 |
| 001 |
vtls011749213 |
| 003 |
SK-MaSNL |
| 005 |
20260425223834.0 |
| 008 |
200104s2018 xo d n 000 0 slo |
| 015 |
|
|
|a SNBA2018/05
|
| 020 |
|
|
|a 9788097222871
|q (brožované)
|
| 035 |
|
|
|a urn:nbn:sk:snk-am00d2mk
|
| 035 |
|
|
|a urn:nbn:sk:snk-am3hjl4
|
| 035 |
|
|
|a 93960C92-EA5B-4119-995A-42C39108D43D
|
| 040 |
|
|
|a SNK
|b slo
|c SNK
|e rda
|
| 041 |
0 |
|
|a slo
|
| 043 |
|
|
|a e------
|a e-xo---
|
| 044 |
|
|
|a xo
|c SK
|
| 072 |
|
7 |
|a 327
|x Medzinárodné vzťahy, svetová politika
|2 konspekt
|
| 072 |
|
7 |
|a 355/359
|x Vojenstvo. Obrana krajiny. Ozbrojené sily
|2 konspekt
|
| 072 |
|
7 |
|a 37.016
|x Učebné osnovy. Vyučovacie predmety. Učebnice
|2 konspekt
|
| 080 |
|
|
|a 327.5
|2 2001
|
| 080 |
|
|
|a 351.78:004.7
|2 2011
|
| 080 |
|
|
|a 323.28
|2 2011
|
| 080 |
|
|
|a 355.1
|2 2011
|
| 080 |
|
|
|a (437.6)
|2 2011
|
| 080 |
|
|
|a 355.02
|2 2011
|
| 080 |
|
|
|a 355.1:[004+316.774]
|2 2001
|
| 080 |
|
|
|a (048.83)
|2 2011
|
| 080 |
|
|
|a (075)
|2 2011
|
| 245 |
0 |
0 |
|a Zabezpeč si vedomosti II
|b študijné materiály
|c kolektív autorov
|
| 264 |
|
1 |
|a Bratislava
|b Slovenský inštitút pre bezpečnostnú politiku
|c 2018
|
| 300 |
|
|
|a 54 strán
|c 21 cm
|
| 336 |
|
|
|a text
|b txt
|2 rdacontent
|
| 337 |
|
|
|a bez média
|b n
|2 rdamedia
|
| 338 |
|
|
|a zväzok
|b nc
|2 rdacarrier
|
| 500 |
|
|
|a Učebnica je výstupom projektu Zahraničná politika SR - priority a nové výzvy po ukončení slovenského predsednícva Rady EÚ, ktorý v septembri až decembri roku 2017 realizoval Slovenský inštitút pre bezpečnostnú politiku s podporou Ministerstva zahraničných vecí a európskych záležitostí Slovenskej republiky
|
| 500 |
|
|
|a Názov z obalu
|
| 504 |
|
|
|a Bibliografické odkazy ; poznámky
|
| 610 |
2 |
7 |
|a Európska únia
|2 SNKKA
|9 29861
|
| 610 |
2 |
7 |
|a NATO
|2 SNKKA
|9 33599
|
| 610 |
2 |
7 |
|a Organizácia spojených národov
|2 SNKKA
|9 84034
|
| 650 |
0 |
7 |
|a medzinárodná bezpečnosť
|2 SNKPH
|9 2672
|
| 650 |
0 |
7 |
|a kybernetická bezpečnosť
|2 SNKPH
|9 71282
|
| 650 |
0 |
7 |
|a informačná vojna
|2 SNKPH
|9 25868
|
| 650 |
0 |
7 |
|a terorizmus
|2 SNKPH
|9 4295
|
| 650 |
0 |
7 |
|a medzinárodné inštitúcie a organizácie
|2 SNKPH
|9 73817
|
| 650 |
0 |
7 |
|a International security
|2 SNKPHeng
|9 311361
|
| 650 |
0 |
7 |
|a Information warfare
|2 SNKPHeng
|9 352044
|
| 650 |
0 |
7 |
|a Terrorism
|2 SNKPHeng
|9 323803
|
| 650 |
0 |
7 |
|a International institutions and organizations
|2 SNKPHeng
|9 326666
|
| 650 |
0 |
7 |
|a bezpečnostná politika
|2 SNKPH
|9 1647
|
| 650 |
0 |
7 |
|a Cyber security
|2 SNKPHeng
|9 311362
|
| 650 |
0 |
7 |
|a Security policy
|2 SNKPHeng
|9 268398
|
| 651 |
|
7 |
|a Slovensko
|2 SNKPHgeo
|9 14231
|
| 651 |
|
7 |
|a Slovakia
|2 SNKPHeng
|9 92630
|
| 655 |
|
7 |
|a analýzy
|2 SNKPH
|9 22242
|
| 655 |
|
7 |
|a Analytic studies
|2 SNKPHeng
|9 278714
|
| 655 |
|
7 |
|a učebnice
|2 SNKPH
|9 22521
|
| 655 |
|
7 |
|a Textbooks
|2 SNKPHeng
|9 276731
|
| 919 |
|
|
|a 978-80-972228-7-1
|
| 958 |
|
|
|a NB
|
| 999 |
|
|
|c 596991
|d 598921
|
| 952 |
|
|
|a SNK
|b SNK
|y PREZ
|7 0
|p 17A1323420
|o snkSC 178973/2
|i snk2018/7745
|8 0
|0 0
|1 0
|4 0
|d 2018-04-04
|f 1
|l 0
|r 2026-02-23 15:42:57
|w 2026-02-23
|
| 952 |
|
|
|a SNK
|b SNK
|y VYP
|7 0
|p 17A1323421
|o snkSC 178973/2 D1
|i snk2018/7746
|8 0
|3 poškodena väzba
|0 0
|1 0
|4 0
|d 2018-04-04
|l 0
|r 2026-02-23 15:42:57
|w 2026-02-23
|